| 000 | 00365nam a2200133Ia 4500 | ||
|---|---|---|---|
| 008 | 190328s9999||||xx |||||||||||||| ||und|| | ||
| 020 | _a9780195698848 | ||
| 082 |
_a301 _bBET/S |
||
| 100 | _aBeteille,Andre | ||
| 245 | 0 | _aSociology:Essays on Approach & Method | |
| 260 |
_aNew Delhi _bOxford University Press/ Replika Press _c2009 |
||
| 650 | _aSociology | ||
| 942 | _cBK | ||
| 999 |
_c4441 _d4441 |
||